| 000 | 00527nam a2200193 a 4500 | ||
|---|---|---|---|
| 001 | 1774864617572 | ||
| 003 | YourLibrary | ||
| 005 | 20260330153038.0 | ||
| 008 | 260330s2010##################000#0#eng## | ||
| 020 | _a9780840033277 | ||
| 082 | 0 | 4 |
_a361.0072 _bMAR |
| 100 | 1 |
_aMarlow, Christine R., _eauthor. |
|
| 245 | 1 | 0 | _aResearch Methods for Generalist Social Work : |
| 260 |
_bCengage Learning, _c2010. |
||
| 300 | _a384 pages | ||
| 650 | 0 | _aSocial Science. | |
| 942 | _cENGLISH | ||
| 040 |
_aYourLibrary _beng _cYourLibrary |
||
| 999 |
_c618357 _d618357 |
||